Los tigres de la Malasia

Đã lưu trong:
Chi tiết về thư mục
Tác giả chính: Salgari, Emilio
Định dạng: Sách
Ngôn ngữ:Undetermined
Được phát hành: San José, Costa Rica Editorial Costa Rica 1979
Những chủ đề:
Các nhãn: Thêm thẻ
Không có thẻ, Là người đầu tiên thẻ bản ghi này!

MARC

LEADER 00000nam a2200000Ia 4500
008 170316s9999 xx 000 0 und d
999 |c 8210  |d 8210 
040 |a cru BVZT 
090 |a 850 S-1t 
100 |a Salgari, Emilio 
245 |a Los tigres de la Malasia  |c / Emilio Salgari 
260 |a San José, Costa Rica  |b Editorial Costa Rica  |c 1979 
300 |a 207 páginas 
650 |a LITERATURA ITALIANA  |9 212 
650 |a NOVELA  |9 13 
942 |c 15 D  |h 850 S-1t  |2 z